| 000 | 00566cam a22001935a 4500 | ||
|---|---|---|---|
| 001 | E153498 | ||
| 008 | 110802s1971 xxk f 000 0 eng d | ||
| 035 | _a(Sirsi) u153498 | ||
| 041 | 0 | _aeng | |
| 050 | 0 | 4 | _a331.2166 $2 18 |
| 110 | 2 |
_aFaculty of Architects and Surveyors _9394 |
|
| 245 | 0 | 0 | _aScales of professional charges for surveying services |
| 260 |
_aLondon _bFAS _c1971 |
||
| 300 |
_a77p. _c12cm. |
||
| 520 | _aEffective from 1 July 1971. | ||
| 651 | 4 |
_aUnited Kingdom _y |
|
| 690 | _aMANAGEMENT-BUSINESS MANAGEMENT-PROFESSIONAL PRACTICE | ||
| 942 | _n0 | ||
| 999 |
_c112553 _d112553 |
||